00357 a2200109 4500001001000000005001700010008004100027245007000068100002100138773007100159999001700230ART_1174820260410161900.0260409a 10aA general equilibrium model of heterogeneous local property taxes1 aCourant, Paul N.0 tJournal of public economicsg- Vol. 8, NÂș 3 (dic. 1977)wREV11485 c25794d25794